00371nam a2200121Ia 4500008004100000245011000041260001700151260000900168300000800177650002300185650001200208856002900220170516s9999 xx 000 0 und d 3aAn EGFR Targeted PET Imaging Probe for the Detection of Colonic Adenocarcinomas in the Setting of Colitis bTheranostics c2014 a4:9 xMedical Technology xMedtech uhttp://www.thno.org/v4i9